Lugares asombrosos : (Record no. 22489)

000 -CABECERA
fixed length control field 01055nam a22002537a 4500
003 - IDENTIFICADOR DEL NÚMERO DE CONTROL
control field AR-CdUCM
008 - DATOS DE LONGITUD FIJA--INFORMACIÓN GENERAL
fixed length control field 190409b ||||| |||| 00| 0 spa d
020 ## - NÚMERO INTERNACIONAL ESTÁNDAR DEL LIBRO
ISBN 9786124426087
040 ## - FUENTE DE LA CATALOGACIÓN
Agencia/entidad que catalogó originalmente la obra MUNICIPALIDAD PROVINCIAL DEL CUSCO
Entidad que transcribió la catalogación BIBLIOTECA MUNICIPAL DEL CUSCO
082 ## - NÚMERO DE LA CLASIFICACIÓN DECIMAL DEWEY
No. de Clasificación 910.4/C81
Notacion interna C81
No. de la edición Primera edición, primera reimpresión.
100 ## - ENTRADA PRINCIPAL--NOMBRE DE PERSONA
Nombre Personal Comunica, Luisito
245 ## - MENCIÓN DE TÍTULO
Título Lugares asombrosos :
Resto del título travesías insólitas y otras maneras extrañas de conocer el mundo /
Mención de responsabilidad Luisito Comunica
260 ## - PUBLICACIÓN, DISTRIBUCIÓN, ETC.
Lugar de publicación, distribución, etc. Lima :
Nombre de la editorial, distribuidor, etc. Alfaguara,
Fecha de publicación, distribución, etc. 2020.
300 ## - DESCRIPCIÓN FÍSICA
Nº de Páginas Extensión 275 páginas, 4 páginas sin numerar :
Otros detalles físicos ilustraciones en color, mapas ;
Dimensiones 23 cm.
505 ## - NOTA DE CONTENIDO CON FORMATO
Nota de contenido formateada Lugares abandonados. Lugares místicos. Lugares alocados. Lugares embrujados. Lugares perturbadores.
650 ## - PUNTO DE ACCESO ADICIONAL DE MATERIA--TÉRMINO DE MATERIA
Descriptor Viajes alrededor del mundo
9 (RLIN) 48311
650 ## - PUNTO DE ACCESO ADICIONAL DE MATERIA--TÉRMINO DE MATERIA
Descriptor Viajes y travesías
9 (RLIN) 14972
650 ## - PUNTO DE ACCESO ADICIONAL DE MATERIA--TÉRMINO DE MATERIA
Descriptor Viajeros
9 (RLIN) 48312
650 ## - PUNTO DE ACCESO ADICIONAL DE MATERIA--TÉRMINO DE MATERIA
Descriptor Diarios
9 (RLIN) 810
650 ## - PUNTO DE ACCESO ADICIONAL DE MATERIA--TÉRMINO DE MATERIA
Descriptor Siglo XX
9 (RLIN) 48313
942 ## - ELEMENTOS DE PUNTO DE ACCESO ADICIONAL (KOHA)
Fuente de clasificación
Tipo de item Libros-BMC
945 ## - PROCESAMIENTO DE INFORMACIÓN LOCAL (OCLC)
Catalogador rac
Holdings
Estado de retiro (separado) Fuente de clasificación o esquema de estanterías Estado dañado Ubicación Sala donde se ubica Nombre de la colección Fecha de adquisición o compra Fuente de adquisición Costo, precio normal en soles Signatura topográfica Código de Barras Última vez visto (Koha) Tipo de ítem (Koha)
No     Sala Humanidades Sala Humanidades Book Cart 2022-08-31 Donación 79.00 910.4/C81 SH0000016391 2022-08-31 Libros-BMC
No     Sala Humanidades Sala Humanidades Book Cart 2022-08-31 Donación 79.00 910.4/C81/e.2 SH0000016392 2022-08-31 Libros-BMC

Powered by Koha